01016nam a22002177a 4500003000900000008004100009040007100050082004500121110005500166245006800221260003800289300002800327440005500355505024000410650002100650650001200671650002600683650002100709650001300730710005500743AR-CdUCM190425b ||||| |||| 00| 0 spa d aMUNICIPALIDAD PROVINCIAL DEL CUSCOcBIBLIOTECA MUNICIPAL DEL CUSCO aRev.Univ/N°31/1920bRev.Univ/N°31/1920 aUniversidad Nacional de San Antonio Abad del Cusco aRevista Universitaria :bÓrgano de la Universidad del Cuzco / aCusco :bEl Trabajo,cmarzo 1920. a50 páginas. :c20 cm. aRevista UniversitarianAño IX, marzo 1920, N°31 aContenido: Contribución á la flora del departamento del Cuzco. Fortunato L. Herrera. -- La crisis universitaria. Luis Bustamante i Rivero. -- Los Varayocc. Pastor Ordoñez. -- Organización de las escuelas rurales. Bravo Mejía. aEscuelas rurales aVarayoq aBotánica cusqueña aFlora cusqueña aSiglo XX aUniversidad Nacional de San Antonio Abad del Cusco